[Event "Varese-ch"]
[Site "Varese"]
[Date "2012.10.22"]
[Round "3"]
[White "Invernici, Marco"]
[Black "Corniani, Stefano"]
[Result "1-0"]
[WhiteElo "1503"]
[BlackElo "1392"]
[PlyCount "35"]
[EventDate "2012.10.08"]
[EventType "swiss"]
[EventRounds "6"]
[EventCountry "ITA"]
[SourceTitle "EXT 2014"]
[Source "ChessBase"]
[SourceDate "2013.11.20"]
[SourceVersion "1"]
[SourceVersionDate "2013.11.20"]
[SourceQuality "1"]

1. e4 e5 2. Nf3 Nc6 3. Bb5 Nf6 4. Nc3 Bb4 5. d4 exd4 6. Nxd4 Nxd4 7. Qxd4 0-0 8. e5 Bxc3+ 9. Qxc3 Nd5 10. Qf3 Nb4 11. Bd3 d5 12. 0-0 Be6 13. Qh5 Nxd3 14. cxd3 g6 15. Qh6 d4 16. Bg5 Qd7 17. Bf6 Qd5 18. Qg7# 1-0